|
|
|
|
| LEADER |
00000nam0a2200000 4500 |
| 001 |
44190 |
| 005 |
20231031021957.0 |
| 010 |
|
|
|a 5318002226
|
| 035 |
|
|
|a (RuTPU)RU\TPU\book\45822
|
| 090 |
|
|
|a 44190
|
| 100 |
|
|
|a 20021106d2002 m y0rusy50 ca
|
| 101 |
0 |
|
|a rus
|
| 102 |
|
|
|a RU
|
| 105 |
|
|
|a a j 001zy
|
| 200 |
1 |
|
|a Международный менеджмент
|e учебник
|f под ред. С. Э. Пивоварова, Л. С. Тарасевича, А. И. Майзеля
|
| 205 |
|
|
|a 2-е изд. испр. и доп.
|
| 210 |
|
|
|a Санкт-Петербург
|c Питер
|d 2002
|
| 215 |
|
|
|a 576 с.
|c ил.
|
| 225 |
1 |
|
|a Учебники для вузов
|
| 320 |
|
|
|a Имен., предм., указ фирм и торговых марок: с. 563-575.
|
| 451 |
|
1 |
|0 (RuTPU)RU\TPU\book\97331
|y 5-469-00484-8
|t Международный менеджмент
|o учебник
|f С. Э. Пивоваров, Л. С. Тарасевич, А. И. Майзель
|e 3-е изд.
|c СПб.
|n Питер
|d 2005
|p 648 с.
|a Пивоваров, Симон Эльевич
|
| 451 |
|
1 |
|0 (RuTPU)RU\TPU\book\13852
|y 5-8046-0189-X
|t Международный менеджмент
|o учебник для вузов
|f Под ред. С. Э. Пивоварова
|c СПб.
|n Питер
|d 2000
|p 624 с.
|s Издательская программа "300 лучших учебников для высшей школы в честь 300-летия Санкт-Петербурга"
|
| 610 |
1 |
|
|a экономика
|
| 610 |
1 |
|
|a мировая экономика
|
| 610 |
1 |
|
|a международная экономика
|
| 610 |
1 |
|
|a управление
|
| 610 |
1 |
|
|a менеджмент
|
| 610 |
1 |
|
|a международный менеджмент
|
| 610 |
1 |
|
|a финансы
|
| 610 |
1 |
|
|a инвестиции
|
| 610 |
1 |
|
|a международные фирмы
|
| 610 |
1 |
|
|a учебники
|
| 686 |
|
|
|a У521я73
|v LBC/SL-A
|2 rubbk
|
| 686 |
|
|
|a У9(2)212я73
|v LBC/SL-A
|2 rubbk
|
| 702 |
|
1 |
|a Пивоваров
|b С. Э.
|4 340
|
| 702 |
|
1 |
|a Тарасевич
|b Л. С.
|4 340
|
| 702 |
|
1 |
|a Майзель
|b А. И.
|4 340
|
| 801 |
|
1 |
|a RU
|b 63413507
|c 20021106
|g PSBO
|
| 801 |
|
2 |
|a RU
|b 63413507
|c 20200512
|g PSBO
|
| 900 |
|
|
|a Менеджмент
|
| 900 |
|
|
|a Менеджмент и маркетинг в связях с общественностью
|
| 942 |
|
|
|c BK
|
| 952 |
|
|
|a 521500
|b 061100
|